000 01162nam a22003497a 4500
003 CHAP
005 20220817042419.0
008 971013s1984 r 00010 d
010 _a43932
011 _a44904
035 _a49043
040 _cCHAP
090 _aFolleto 8935
110 _aTabasco. Gobierno del Estado
245 _aPlan estatal de desarrollo, 1983-1988
260 _a(s.l.) :
_b(s.e.),
_c1984
300 _a88 p.
590 _aBATCH-UPD
_b10
_c20130110
_lUCH01
_h1140
590 _aBATCH-UPD
_b10
_c20130410
_lUCH01
_h0726
590 _aBATCH-UPD
_b10
_c20130913
_lUCH01
_h2245
590 _aCONVERSION
_b10
_c20130109
_lUCH01
_h1324
650 1 4 _aAgricultura
_xTabasco.
_91830
650 1 4 _aAgricultura
_xTabasco.
_91830
650 1 4 _aTabasco
_xCondiciones económicas.
_9111269
650 1 4 _aTabasco
_xCondiciones rurales.
_9111270
901 _aBK
942 _cFOLL
949 _aFolleto 8935
_bBC
_cBPA
_d-110758
_eBPA
_fc.4
_i49043
_mD
_si
949 _aFolleto 8935
_bBC
_cFOLL
_d-110755
_eTS1
_i49043
_mD
_si
949 _aFolleto 8935
_bBC
_cFOLL
_d-110756
_eTS2
_fc.2
_i49043
_mD
_si
949 _aFolleto 8935
_bBC
_cFOLL
_d-110757
_eTS2
_fc.3
_i49043
_mD
_si
999 _c43932
_d43932